<?xml version="1.0" encoding="UTF-8"?>
<collection xmlns="http://www.loc.gov/MARC21/slim">
 <record>
  <leader>03793nam a2200301 a 4500</leader>
  <controlfield tag="001">kal5433</controlfield>
  <controlfield tag="003">Gr-AtHEAL</controlfield>
  <controlfield tag="005">20160427085222.0</controlfield>
  <controlfield tag="006">m        d        </controlfield>
  <controlfield tag="008">160413s2015    gr      s           gre|c</controlfield>
  <datafield tag="020" ind1=" " ind2=" ">
   <subfield code="a">9789606034664</subfield>
  </datafield>
  <datafield tag="040" ind1=" " ind2=" ">
   <subfield code="a">GR-AtHEAL</subfield>
   <subfield code="b">gre</subfield>
   <subfield code="c">GR-AtHEAL</subfield>
  </datafield>
  <datafield tag="082" ind1="0" ind2="4">
   <subfield code="a">627</subfield>
   <subfield code="2">23</subfield>
  </datafield>
  <datafield tag="100" ind1="1" ind2=" ">
   <subfield code="a">Χρυσάνθου, Βλάσιος.</subfield>
   <subfield code="8">268</subfield>
  </datafield>
  <datafield tag="245" ind1="1" ind2="0">
   <subfield code="a">Ποτάμια υδραυλική και τεχνικά έργα</subfield>
   <subfield code="h">[Ηλεκτρονικός πόρος] </subfield>
   <subfield code="c">Χρυσάνθου, Βλάσιος ; Κριτικός αναγνώστης,Γιαννόπουλος, Παναγιώτης ; Τεχνική επιμέλεια,Κόκκος, Νικόλαος ; Γλωσσική επιμέλεια,Παπαδοπούλου, Θεοδώρα.</subfield>
  </datafield>
  <datafield tag="260" ind1=" " ind2=" ">
   <subfield code="a">Αθήνα :</subfield>
   <subfield code="b">Σύνδεσμος Ελληνικών Ακαδημαϊκών Βιβλιοθηκών,</subfield>
   <subfield code="c">c2015.</subfield>
  </datafield>
  <datafield tag="490" ind1=" " ind2=" ">
   <subfield code="a">Ακαδημαϊκά Ηλεκτρονικά Συγγράμματα και Βοηθήματα Κάλλιπος</subfield>
   <subfield code="8">40</subfield>
  </datafield>
  <datafield tag="520" ind1=" " ind2=" ">
   <subfield code="a">Το βιβλίο αυτό απευθύνεται κυρίως σε προπτυχιακούς φοιτητές Τμημάτων Πολιτικών Μηχανικών, Τοπογράφων Μηχανικών, Μηχανικών Περιβάλλοντος και Δασολογίας, αλλά και σε Μηχανικούς της πράξης. Παρέχονται οι απαραίτητες θεωρητικές γνώσεις αφενός για την κατανόηση της Υδραυλικής των ποταμών και αφετέρου για το σχεδιασμό τεχνικών έργων σε ποταμούς. Το βιβλίο επικεντρώνεται στην εφαρμογή της Υδραυλικής ανοικτών αγωγών στα τεχνικά έργα των ποταμών. Έτσι, ο φοιτητής Μηχανικός βοηθάται να κατανοήσει, μέσω του βιβλίου, πώς αξιοποιούνται στην πράξη οι αποκτηθείσες θεωρητικές γνώσεις βασικών μαθημάτων Υδραυλικής αλλά και Υδρολογίας, ενώ ο Μηχανικός της πράξης θα βοηθηθεί στην επιλογή της καταλληλότερης κατασκευαστικής λύσης για ένα συγκεκριμένο τεχνικό έργο σε συγκεκριμένο ποταμό ή γενικότερα υδατόρρευμα. Φυσικά, το βιβλίο δεν μπορεί να υποκαταστήσει την εμπειρία που απαιτείται στη μελέτη ενός ποτάμιου τεχνικού έργου, συμβάλλει όμως στην αντιμετώπιση τεχνικών προβλημάτων στους ποταμούς.</subfield>
  </datafield>
  <datafield tag="650" ind1=" " ind2="0">
   <subfield code="a">River engineering </subfield>
   <subfield code="8">2604</subfield>
  </datafield>
  <datafield tag="650" ind1=" " ind2="0">
   <subfield code="a">Hydraulic engineering</subfield>
   <subfield code="8">2605</subfield>
  </datafield>
  <datafield tag="653" ind1=" " ind2=" ">
   <subfield code="a">Ποταμοί-γεωμορφολογία-τεχνικά έργα-υδραυλική φυσικών ανοικτών αγωγών-φερτά υλικά</subfield>
  </datafield>
  <datafield tag="653" ind1=" " ind2=" ">
   <subfield code="a">Τεχνολογία και επιστήμες μηχανικών</subfield>
   <subfield code="a">Τεχνολογία και μηχανική περιβάλλοντος</subfield>
  </datafield>
  <datafield tag="700" ind1="1" ind2=" ">
   <subfield code="a">Γιαννόπουλος, Παναγιώτης</subfield>
   <subfield code="e">Κριτικός αναγνώστης</subfield>
   <subfield code="8">269</subfield>
  </datafield>
  <datafield tag="856" ind1="4" ind2="0">
   <subfield code="u">http://hdl.handle.net/11419/5433</subfield>
   <subfield code="z">Πλήρες Κείμενο - Full text</subfield>
  </datafield>
  <datafield tag="907" ind1=" " ind2=" ">
   <subfield code="a">.b25678036</subfield>
   <subfield code="b">12-06-18</subfield>
   <subfield code="c">29-07-16</subfield>
  </datafield>
  <datafield tag="949" ind1=" " ind2=" ">
   <subfield code="0">0</subfield>
   <subfield code="1">0</subfield>
   <subfield code="2">ddc</subfield>
   <subfield code="4">0</subfield>
   <subfield code="6">627_000000000000000_ΧΡΥ</subfield>
   <subfield code="7">0</subfield>
   <subfield code="8">KALL</subfield>
   <subfield code="8">562</subfield>
   <subfield code="d">2016-04-13</subfield>
   <subfield code="r">2016-04-13</subfield>
   <subfield code="w">2016-04-13</subfield>
   <subfield code="z">627 ΧΡΥ</subfield>
   <subfield code="o">SEAB KALLIPOS</subfield>
  </datafield>
  <datafield tag="998" ind1=" " ind2=" ">
   <subfield code="a">80</subfield>
   <subfield code="a">01</subfield>
   <subfield code="a">02</subfield>
   <subfield code="a">03</subfield>
   <subfield code="a">04</subfield>
   <subfield code="a">05</subfield>
   <subfield code="a">06</subfield>
   <subfield code="a">07</subfield>
   <subfield code="a">08</subfield>
   <subfield code="a">09</subfield>
   <subfield code="a">10</subfield>
   <subfield code="a">11</subfield>
   <subfield code="a">12</subfield>
   <subfield code="a">13</subfield>
   <subfield code="a">14</subfield>
   <subfield code="a">15</subfield>
   <subfield code="a">16</subfield>
   <subfield code="a">17</subfield>
   <subfield code="a">18</subfield>
   <subfield code="a">19</subfield>
   <subfield code="a">20</subfield>
   <subfield code="a">21</subfield>
   <subfield code="a">22</subfield>
   <subfield code="a">23</subfield>
   <subfield code="a">24</subfield>
   <subfield code="a">25</subfield>
   <subfield code="a">26</subfield>
   <subfield code="b">11-05-17</subfield>
   <subfield code="c">m</subfield>
   <subfield code="d">z  </subfield>
   <subfield code="e">-</subfield>
   <subfield code="f">gre</subfield>
   <subfield code="g">gr </subfield>
   <subfield code="h">0</subfield>
  </datafield>
  <datafield tag="942" ind1=" " ind2=" ">
   <subfield code="2">ddc</subfield>
   <subfield code="c">KALLIPOS</subfield>
  </datafield>
 </record>
</collection>
